| 000 | 00642nam a22001937a 4500 | ||
|---|---|---|---|
| 999 |
_c11522 _d11522 |
||
| 003 | AR-CdUCM | ||
| 008 | 190404b ||||| |||| 00| 0 spa d | ||
| 040 |
_aMUNICIPALIDAD PROVINCIAL DEL CUSCO _cBIBLIOTECA MUNICIPAL DEL CUSCO |
||
| 082 |
_a011.2 / _bC284 / 1958 |
||
| 100 |
_aCarlo, Millares _928939 |
||
| 245 | _aEl epitome de Pinelo, primera bibliografía del nuevo mundo / | ||
| 260 |
_aWashington : _bUnion Panamericana, _c1958. |
||
| 300 |
_a186 páginas ; _c25.5 cm. |
||
| 505 | _aDocumentos paleográficos. | ||
| 650 |
_aDocumentos paleograficos. _928940 |
||
| 650 |
_aBibliografía. _91484 |
||
| 942 |
_2ddc _cLIBROS |
||
| 945 | _awfj | ||